000
00358nam a2200157Ia 4500
003
OSt
005
20231208040435.0
008
170523s9999 xx 000 0 und d
020
_a
81-85386-36-6
040
_c
iimt
100
_a
BLAKE- LAWRENCE
245
4
_a
THE ABC OF MANAGEMENT
260
_b
AITBS PUBLICATION DIS
260
_c
2002
942
_2
ddc
_c
02
999
_c
1222
_d
1222